[Event "CAN-op"]
[Site "Edmonton CAN"]
[Date "2000.07.08"]
[Round "1"]
[White "Osthoff, Dieter"]
[Black "Bojovic, Gavrilo"]
[Result "0-1"]
[WhiteElo "1610"]
[BlackElo "2093"]
[PlyCount "62"]
[GameId "2160767911682037"]
[EventDate "2000.07.08"]
[EventType "swiss"]
[EventRounds "10"]
[EventCountry "CAN"]

1. e4 e6 2. d4 d5 3. e5 c5 4. dxc5 Nc6 5. Bb5 Bxc5 6. Nf3 Bd7 7. O-O Nxe5 8. Bxd7+ Nxd7 9. Bf4 Ngf6 10. Nc3 O-O 11. Re1 Ng4 12. Bg3 Qb6 13. Re2 Qxb2 14. Na4 Qa3 15. Nxc5 Qxc5 16. h3 Ngf6 17. Rb1 b6 18. Nd4 Ne4 19. Nb3 Qc8 20. Rxe4 dxe4 21. Qd2 Nc5 22. Nxc5 Qxc5 23. Bd6 Rfd8 24. Bxc5 Rxd2 25. Be3 Rxc2 26. a3 Rc3 27. Ra1 Rac8 28. Kh2 f5 29. g3 Rd3 30. h4 Rcc3 31. a4 Ra3 0-1

[Event "CAN-op"]
[Site "Edmonton CAN"]
[Date "2000.07.08"]
[Round "1"]
[White "Ottosen, David"]
[Black "Bowles, Charles"]
[Result "1-0"]
[WhiteElo "2111"]
[BlackElo "1632"]
[PlyCount "59"]
[GameId "2160767911682038"]
[EventDate "2000.07.08"]
[EventType "swiss"]
[EventRounds "10"]
[EventCountry "CAN"]

1. e4 g6 2. Nc3 c6 3. d4 d6 4. Be3 Bg7 5. Qd2 h6 6. Bd3 b5 7. f4 Ba6 8. e5 b4 9. Nce2 Bxd3 10. Qxd3 a5 11. e6 f5 12. g4 c5 13. gxf5 c4 14. Qxc4 Qb6 15. d5 Qa6 16. Qe4 Nf6 17. Qg2 g5 18. fxg5 hxg5 19. Qxg5 Rg8 20. Qg6+ Kd8 21. Qf7 Qb5 22. O-O-O Qe8 23. Nf4 Bh6 24. Nge2 Rg7 25. Qxe8+ Kxe8 26. Kb1 Na6 27. Bd4 Rg4 28. Bxf6 exf6 29. Nh5 Rc8 30. Nxf6+ 1-0

[Event "CAN-op"]
[Site "Edmonton CAN"]
[Date "2000.07.08"]
[Round "1"]
[White "Panjwani, Dilip"]
[Black "Niksic, John"]
[Result "0-1"]
[WhiteElo "1599"]
[BlackElo "2075"]
[PlyCount "90"]
[GameId "2160767911682039"]
[EventDate "2000.07.08"]
[EventType "swiss"]
[EventRounds "10"]
[EventCountry "CAN"]

1. e4 e6 2. d3 d5 3. Nd2 c5 4. Ngf3 Nc6 5. g3 Nge7 6. Bg2 g6 7. O-O Bg7 8. Re1 O-O 9. e5 Qc7 10. Qe2 b5 11. Nf1 a5 12. h4 Ba6 13. Bf4 b4 14. N1h2 Nf5 15. Ng4 Ncd4 16. Nxd4 cxd4 17. Nf6+ Kh8 18. Qd2 Rac8 19. Rac1 Rfd8 20. h5 Qb6 21. g4 Ne7 22. Bh6 Ng8 23. Bxg7+ Kxg7 24. h6+ Nxh6 25. Qg5 Ng8 26. f4 h6 27. Qh4 a4 28. Rf1 b3 29. axb3 axb3 30. cxb3 Bxd3 31. Rfd1 Rxc1 32. Rxc1 Bc2 33. Nxg8 d3+ 34. Kh2 Kxg8 35. Qe1 Qxb3 36. f5 Qc4 37. fxe6 Qf4+ 38. Kh3 d2 39. exf7+ Kxf7 40. e6+ Kg7 41. e7 dxe1=Q 42. Rxe1 Re8 43. Bxd5 Bf5 44. Bc6 Qxg4+ 45. Kh2 Qh4+ 0-1

[Event "CAN-op"]
[Site "Edmonton CAN"]
[Date "2000.07.08"]
[Round "1"]
[White "Phimester, Alex"]
[Black "Lipnowski, Samuel"]
[Result "0-1"]
[WhiteElo "1479"]
[BlackElo "2009"]
[PlyCount "64"]
[GameId "2160767911682040"]
[EventDate "2000.07.08"]
[EventType "swiss"]
[EventRounds "10"]
[EventCountry "CAN"]

1. e4 c5 2. Bc4 e6 3. Nc3 a6 4. Nh3 b5 5. Nxb5 axb5 6. Bxb5 Bb7 7. d3 Qa5+ 8. Qd2 Qxb5 9. c4 Qa5 10. O-O Qxd2 11. Bxd2 Nc6 12. a3 Nd4 13. Nf4 Nb3 14. Rad1 Nxd2 15. Rxd2 d6 16. Ra1 g6 17. b3 Bh6 18. g3 e5 19. Nxg6 hxg6 20. Rb2 Ne7 21. Raa2 Bc1 22. Rb1 Rxa3 23. Rxa3 Bxa3 24. Ra1 Bb4 25. Ra7 Bc6 26. f4 f6 27. f5 gxf5 28. exf5 Kf7 29. h4 Ra8 30. Rxa8 Bxa8 31. g4 Bf3 32. g5 Nxf5 0-1

[Event "CAN-op"]
[Site "Edmonton CAN"]
[Date "2000.07.08"]
[Round "1"]
[White "Pivovarov, Juraj"]
[Black "McKim, Fred"]
[Result "1/2-1/2"]
[WhiteElo "1677"]
[BlackElo "2062"]
[PlyCount "166"]
[GameId "2160767911682041"]
[EventDate "2000.07.08"]
[EventType "swiss"]
[EventRounds "10"]
[EventCountry "CAN"]

1. c4 Nf6 2. g3 c6 3. Bg2 d5 4. cxd5 cxd5 5. Nf3 Nc6 6. O-O Bf5 7. d4 e6 8. Nc3 a6 9. Bd2 h6 10. a3 Bd6 11. Rc1 O-O 12. e3 b5 13. Nxb5 Bd3 14. Nxd6 Bxf1 15. Rxc6 Bxg2 16. Kxg2 Qb8 17. Qc2 Ra7 18. Ne5 a5 19. Ndxf7 Raxf7 20. Nxf7 Kxf7 21. Bxa5 Ne4 22. f3 Nf6 23. b4 e5 24. Rc7+ Kg8 25. dxe5 Ne8 26. Rc5 Qxe5 27. Qd3 Nf6 28. Bc7 Qe6 29. b5 Kh8 30. b6 Qe7 31. Rc2 Ne8 32. a4 Qf7 33. f4 Nxc7 34. Rxc7 Qe8 35. Qd4 Rg8 36. Rc5 Qh5 37. Qd2 Qg6 38. a5 Qe4+ 39. Kf2 Qh1 40. Qxd5 Qb1 41. b7 Qb2+ 42. Kf3 Qb1 43. Qxg8+ Kxg8 44. Rc8+ Kh7 45. b8=Q Qh1+ 46. Ke2 Qg2+ 47. Kd3 Qd5+ 48. Kc2 Qa2+ 49. Kc3 Qxa5+ 50. Kc4 Qa2+ 51. Kb5 Qb3+ 52. Kc6 Qe6+ 53. Kb7 Qe4+ 54. Rc6 Qxe3 55. Qd6 Qb3+ 56. Kc7 Qf7+ 57. Qd7 Qa2 58. Qf5+ Kh8 59. Kd7 Qa4 60. Qd5 Kh7 61. Ke6 Qa8 62. Qf5+ Kh8 63. Rc7 Qe8+ 64. Kd6 Qd8+ 65. Rd7 Qb8+ 66. Ke7 Qb4+ 67. Kf7 Qb8 68. Kg6 Qe8+ 69. Rf7 Kg8 70. g4 Qc6+ 71. Kh5 Qe8 72. g5 hxg5 73. Kxg5 Qxf7 74. Qxf7+ Kxf7 75. f5 Kf8 76. Kg6 Kg8 77. h3 Kf8 78. h4 Kg8 79. h5 Kf8 80. h6 gxh6 81. Kxh6 Kf7 82. Kh5 Kf6 83. Kg4 Kf7 1/2-1/2

[Event "CAN-op"]
[Site "Edmonton CAN"]
[Date "2000.07.08"]
[Round "1"]
[White "Planas, Rodolfo"]
[Black "Bowerman, Robert"]
[Result "0-1"]
[WhiteElo "1641"]
[BlackElo "2116"]
[PlyCount "46"]
[GameId "2160767911682042"]
[EventDate "2000.07.08"]
[EventType "swiss"]
[EventRounds "10"]
[EventCountry "CAN"]

1. e4 e6 2. c3 d5 3. e5 c5 4. d3 Nc6 5. f4 f6 6. Qh5+ g6 7. Qe2 Bg7 8. Nf3 Qb6 9. Na3 Bd7 10. exf6 Nxf6 11. Ne5 O-O-O 12. Nf7 Rde8 13. Nd6+ Kc7 14. Nab5+ Kb8 15. Nxe8 Rxe8 16. a4 a6 17. Na3 e5 18. Qf2 e4 19. Kd1 Qb3+ 20. Qc2 Bg4+ 21. Be2 Bxe2+ 22. Kxe2 exd3+ 23. Kxd3 Nb4+ 0-1

[Event "CAN-op"]
[Site "Edmonton CAN"]
[Date "2000.07.08"]
[Round "1"]
[White "Porubszki, Georg"]
[Black "Miller, Chris"]
[Result "1-0"]
[WhiteElo "2042"]
[BlackElo "1557"]
[PlyCount "71"]
[GameId "2160767911682043"]
[EventDate "2000.07.08"]
[EventType "swiss"]
[EventRounds "10"]
[EventCountry "CAN"]

1. Nf3 Nf6 2. d4 e6 3. e3 c5 4. Bd3 Nc6 5. O-O d5 6. b3 cxd4 7. exd4 Be7 8. Bb2 O-O 9. Nbd2 Bd7 10. a3 Qc7 11. Ne5 Bd6 12. f4 Bxe5 13. fxe5 Ne8 14. Qh5 h6 15. Nf3 f6 16. Nh4 Ne7 17. Ng6 Nxg6 18. Qxg6 f5 19. g4 Qd8 20. gxf5 Qg5+ 21. Qxg5 hxg5 22. fxe6 Rxf1+ 23. Rxf1 Bxe6 24. Kg2 Nc7 25. Kg3 Rd8 26. Bc1 Rd7 27. Bxg5 Rf7 28. Bd8 Rxf1 29. Bxf1 Ne8 30. c4 g6 31. cxd5 Bxd5 32. Bc4 Bxc4 33. bxc4 Kf7 34. d5 Ng7 35. Kf4 Ke8 36. Ba5 1-0

[Event "CAN-op"]
[Site "Edmonton CAN"]
[Date "2000.07.08"]
[Round "1"]
[White "Ramaswamy, Kiran"]
[Black "Zubac, Marius"]
[Result "0-1"]
[WhiteElo "1749"]
[BlackElo "2308"]
[PlyCount "36"]
[GameId "2160767911682044"]
[EventDate "2000.07.08"]
[EventType "swiss"]
[EventRounds "10"]
[EventCountry "CAN"]

1. e4 c5 2. Nc3 Nc6 3. f4 e6 4. Nf3 d5 5. d3 g6 6. g3 Bg7 7. Bg2 h5 8. O-O Nge7 9. Nh4 f5 10. exd5 exd5 11. Re1 Kf7 12. Qf3 Nd4 13. Rxe7+ Qxe7 14. Qxd5+ Be6 15. Qxb7 Qxb7 16. Bxb7 Rab8 17. Bg2 Nxc2 18. Rb1 Bxc3 0-1

[Event "CAN-op"]
[Site "Edmonton CAN"]
[Date "2000.07.08"]
[Round "1"]
[White "Rock, Dawn"]
[Black "Gomes, Alan"]
[Result "0-1"]
[WhiteElo "1302"]
[BlackElo "1946"]
[PlyCount "54"]
[GameId "2160767911682045"]
[EventDate "2000.07.08"]
[EventType "swiss"]
[EventRounds "10"]
[EventCountry "CAN"]

1. e4 e5 2. Nf3 Nc6 3. Bb5 d6 4. c3 a6 5. Ba4 b5 6. Bc2 Be7 7. d4 exd4 8. cxd4 Nf6 9. O-O Bg4 10. Be3 O-O 11. Nbd2 Nd7 12. Qe2 Bf6 13. Qd3 Nb4 14. Qc3 Nxc2 15. Qxc2 Rc8 16. Rac1 c5 17. b3 Be7 18. Ne1 Be2 19. Nd3 Bxf1 20. Kxf1 cxd4 21. Qxc8 Qxc8 22. Rxc8 Rxc8 23. Bxd4 Bf6 24. Nf3 Bxd4 25. Nxd4 Nc5 26. Nf4 Nxe4 27. Nf5 Rc5 0-1

[Event "CAN-op"]
[Site "Edmonton CAN"]
[Date "2000.07.08"]
[Round "1"]
[White "Sadov, Sergey"]
[Black "Alipour, Iraj"]
[Result "1-0"]
[WhiteElo "2119"]
[BlackElo "1579"]
[PlyCount "83"]
[GameId "2160767911682047"]
[EventDate "2000.07.08"]
[EventType "swiss"]
[EventRounds "10"]
[EventCountry "CAN"]

1. e4 b6 2. d4 Bb7 3. Bd3 g6 4. Ne2 Bg7 5. c3 e6 6. Bf4 Nf6 7. Nd2 d6 8. Qc2 Nbd7 9. Nf3 a6 10. Rd1 O-O 11. O-O Kh8 12. Ng3 Ng8 13. Qe2 Ne7 14. Rfe1 Qe8 15. h4 f6 16. Bb1 a5 17. a4 e5 18. dxe5 dxe5 19. Bc1 Nc5 20. h5 g5 21. Nh2 h6 22. Ng4 Nxa4 23. Qc2 Bc8 24. Ne3 Nc5 25. b3 Ne6 26. Ba3 Nf4 27. Nd5 Nfxd5 28. exd5 f5 29. d6 cxd6 30. Bxd6 e4 31. f3 Qf7 32. fxe4 f4 33. e5 Bf5 34. Nxf5 Nxf5 35. Bxf8 Rxf8 36. Qxf5 Qxf5 37. Bxf5 Rxf5 38. e6 f3 39. Re3 f2+ 40. Kf1 Bf6 41. e7 Bxe7 42. Rxe7 1-0

[Event "CAN-op"]
[Site "Edmonton CAN"]
[Date "2000.07.08"]
[Round "1"]
[White "Schulte, Oliver"]
[Black "Sullivan, Brian"]
[Result "1-0"]
[WhiteElo "2446"]
[BlackElo "1746"]
[PlyCount "57"]
[GameId "2160767911677952"]
[EventDate "2000.07.08"]
[EventType "swiss"]
[EventRounds "10"]
[EventCountry "CAN"]

1. e4 c5 2. Nf3 d6 3. Nc3 Nf6 4. d4 cxd4 5. Nxd4 a6 6. Bc4 b5 7. Bb3 Nbd7 8. O-O Nc5 9. Re1 Nxb3 10. axb3 e5 11. Ndxb5 Bg4 12. f3 Bxf3 13. Qxf3 axb5 14. Rxa8 Qxa8 15. Nxb5 Qa5 16. Nc3 Be7 17. Bg5 Nd5 18. exd5 Bxg5 19. Qg4 Bf6 20. Qc8+ Qd8 21. Qc6+ Qd7 22. Nb5 Ke7 23. Ra1 Qxc6 24. dxc6 Rc8 25. Na7 Rc7 26. b4 e4 27. c3 d5 28. b5 d4 29. b6 1-0

[Event "CAN-op"]
[Site "Edmonton CAN"]
[Date "2000.07.08"]
[Round "1"]
[White "Sexsmith, Kyle"]
[Black "Tootoosis, Harold"]
[Result "0-1"]
[WhiteElo "1566"]
[BlackElo "1801"]
[PlyCount "70"]
[GameId "2160767911677953"]
[EventDate "2000.07.08"]
[EventType "swiss"]
[EventRounds "10"]
[EventCountry "CAN"]

1. d4 Nf6 2. c4 g6 3. Nc3 d5 4. Bg5 Bg7 5. Bxf6 Bxf6 6. cxd5 O-O 7. e4 e5 8. dxe6 Bxe6 9. e5 Bg7 10. Nf3 c6 11. g3 Nd7 12. Bg2 Nb6 13. h4 Nd5 14. O-O Nxc3 15. bxc3 Qa5 16. Qd2 Rad8 17. Ng5 Bc4 18. Rfe1 Bxe5 19. Rxe5 Qxe5 20. Re1 Qc7 21. f4 Bd5 22. Bxd5 cxd5 23. g4 Rfe8 24. Rf1 Rc8 25. Rf3 Qc4 26. f5 Re2 27. Qf4 Qc7 28. fxg6 fxg6 29. Qf7+ Qxf7 30. Rxf7 h6 31. Rxb7 hxg5 32. hxg5 Rxc3 33. Rb8+ Kf7 34. Rb7+ Re7 35. Rxe7+ Kxe7 0-1

[Event "CAN-op"]
[Site "Edmonton CAN"]
[Date "2000.07.08"]
[Round "1"]
[White "Steinke, Wally"]
[Black "Odachowski, Arthur"]
[Result "0-1"]
[WhiteElo "1731"]
[BlackElo "2336"]
[PlyCount "44"]
[GameId "2160767911677956"]
[EventDate "2000.07.08"]
[EventType "swiss"]
[EventRounds "10"]
[EventCountry "CAN"]

1. d4 Nf6 2. c4 g6 3. Nc3 Bg7 4. e4 d6 5. Be2 O-O 6. Bg5 Nbd7 7. Qd2 c6 8. Nf3 e5 9. d5 cxd5 10. cxd5 Nc5 11. Bxf6 Bxf6 12. b4 Nd7 13. Nb5 Nb6 14. Rc1 Bg4 15. Rc7 a6 16. Qe3 Nc8 17. Rxb7 axb5 18. O-O Rxa2 19. Rb8 Qc7 20. Rxb5 Bxf3 21. gxf3 Na7 22. Rc1 Qe7 0-1

[Event "CAN-op"]
[Site "Edmonton CAN"]
[Date "2000.07.08"]
[Round "1"]
[White "Strub, Michael"]
[Black "Schmitz, Manuela"]
[Result "0-1"]
[WhiteElo "1579"]
[BlackElo "2121"]
[PlyCount "82"]
[GameId "2160767911677957"]
[EventDate "2000.07.08"]
[EventType "swiss"]
[EventRounds "10"]
[EventCountry "CAN"]

1. d4 d5 2. c4 dxc4 3. Nf3 Nf6 4. e3 Bg4 5. Bxc4 e6 6. O-O Nbd7 7. h3 Bh5 8. Nbd2 Bd6 9. Qc2 O-O 10. a3 c5 11. dxc5 Nxc5 12. b4 Bg6 13. Qa2 Nd3 14. Rd1 Qe7 15. Nb3 Nxc1 16. Raxc1 Rac8 17. Nbd4 Rfd8 18. Nb5 Bb8 19. Rxd8+ Rxd8 20. Qe2 h6 21. Rd1 a6 22. Nbd4 Qd6 23. Rd2 Ne4 24. Nf5 Qc7 25. Rxd8+ Qxd8 26. N5h4 Bh7 27. g3 Nc3 28. Qb2 Qd1+ 29. Kg2 Ne4 30. Nd4 Qd2 31. Qxd2 Nxd2 32. Ba2 g5 33. Nhf3 Be4 34. h4 g4 35. b5 Nxf3 36. Nxf3 Bxf3+ 37. Kf1 axb5 38. Ke1 Bd6 39. Kd2 Bxa3 40. Kc3 b4+ 41. Kd4 Bd1 0-1

[Event "CAN-op"]
[Site "Edmonton CAN"]
[Date "2000.07.08"]
[Round "1"]
[White "Tassone, Adam"]
[Black "Faust, Steven"]
[Result "0-1"]
[WhiteElo "1258"]
[BlackElo "1874"]
[PlyCount "42"]
[GameId "2160767911677958"]
[EventDate "2000.07.08"]
[EventType "swiss"]
[EventRounds "10"]
[EventCountry "CAN"]

1. e4 e6 2. d4 d5 3. Nd2 c5 4. c3 Nc6 5. Ngf3 Nf6 6. exd5 exd5 7. Bb5 Be7 8. Ne5 Bd7 9. Nxd7 Qxd7 10. O-O O-O 11. Re1 Rae8 12. Nf3 a6 13. Ba4 b5 14. Bc2 h6 15. Bf4 Bd6 16. Ne5 Qc7 17. Qe2 cxd4 18. cxd4 Nxd4 19. Bh7+ Nxh7 20. Qd3 Ne6 21. Rac1 Nxf4 0-1

[Event "CAN-op"]
[Site "Edmonton CAN"]
[Date "2000.07.08"]
[Round "1"]
[White "Tessier, Olivier"]
[Black "Li, Zhuoran"]
[Result "1-0"]
[WhiteElo "2001"]
[BlackElo "1473"]
[PlyCount "45"]
[GameId "2160767911677959"]
[EventDate "2000.07.08"]
[EventType "swiss"]
[EventRounds "10"]
[EventCountry "CAN"]

1. c4 e5 2. Nc3 Nf6 3. Nf3 Nc6 4. g3 Be7 5. Bg2 e4 6. Ng5 d5 7. cxd5 Nxd5 8. Ngxe4 Nb6 9. d3 O-O 10. Bf4 Bg4 11. O-O Nd4 12. Nd2 c6 13. Nb3 Bf6 14. h3 Nxb3 15. Qxb3 Bxc3 16. hxg4 Bd4 17. Be4 Qd7 18. e3 Bf6 19. g5 Be7 20. Kg2 Rad8 21. Rh1 g6 22. Bxg6 hxg6 23. Be5 1-0

[Event "CAN-op"]
[Site "Edmonton CAN"]
[Date "2000.07.08"]
[Round "1"]
[White "Thimm, Harald"]
[Black "Davies, Noam"]
[Result "1-0"]
[WhiteElo "2016"]
[BlackElo "1485"]
[PlyCount "117"]
[GameId "2160767911677960"]
[EventDate "2000.07.08"]
[EventType "swiss"]
[EventRounds "10"]
[EventCountry "CAN"]

1. d4 d5 2. c4 e6 3. Nc3 Nf6 4. Nf3 c6 5. cxd5 cxd5 6. e3 Nc6 7. Bb5 Bd7 8. O-O a6 9. Be2 Bd6 10. Bd2 Qc7 11. Rc1 O-O 12. Na4 Ne4 13. Bd3 b5 14. Nc3 Nxc3 15. Bxc3 Rac8 16. a3 Qb8 17. Qe2 Kh8 18. e4 Bf4 19. Bd2 Bxd2 20. Qxd2 Ne7 21. Ne5 Bc6 22. f3 Qb6 23. Qf2 Ng6 24. Nxg6+ fxg6 25. e5 Qd8 26. Qg3 Kg8 27. Rc5 Bb7 28. Rfc1 Qd7 29. Qe1 Rxc5 30. Rxc5 Rc8 31. Qc1 Rxc5 32. Qxc5 Qc6 33. Qxc6 Bxc6 34. Kf1 Kf7 35. Ke2 Ke7 36. f4 Kd7 37. b4 Ke7 38. Kf3 Kf7 39. Kg4 Kg8 40. Kh4 Kf8 41. Kg5 Kf7 42. h4 Be8 43. Kg4 Ke7 44. Kh3 Kf7 45. g4 h5 46. Kg3 Ke7 47. gxh5 gxh5 48. f5 exf5 49. Bxf5 Kf7 50. Kf4 g6 51. Bc8 Ke7 52. Bxa6 Bd7 53. Bb7 Ke6 54. Kg5 Be8 55. Bc8+ Ke7 56. e6 Kf8 57. Kf6 Kg8 58. Bb7 Kf8 59. Bxd5 1-0

[Event "CAN-op"]
[Site "Edmonton CAN"]
[Date "2000.07.08"]
[Round "1"]
[White "Tsui, Edwin"]
[Black "Taylor, William"]
[Result "0-1"]
[WhiteElo "1548"]
[BlackElo "2022"]
[PlyCount "82"]
[GameId "2160767911677961"]
[EventDate "2000.07.08"]
[EventType "swiss"]
[EventRounds "10"]
[EventCountry "CAN"]

1. e4 Nf6 2. e5 Nd5 3. d4 d6 4. c4 Nb6 5. exd6 exd6 6. Nc3 Nc6 7. Nf3 Bg4 8. Be2 Be7 9. b3 O-O 10. Bb2 Bf6 11. Ne4 Re8 12. Nxf6+ Qxf6 13. O-O Re4 14. Qc2 Rae8 15. d5 Qh6 16. Rfe1 Bxf3 17. gxf3 Nb4 18. Qc3 N4xd5 19. cxd5 Nxd5 20. fxe4 Nxc3 21. Bxc3 Qh3 22. Bb2 Re6 23. f3 Rg6+ 24. Kf2 Rg2+ 25. Ke3 Qxh2 26. Rac1 c6 27. Rcd1 h6 28. e5 d5 29. Rd2 Qg3 30. Rf1 g5 31. Kd3 h5 32. Kc2 h4 33. Bd4 h3 34. f4 g4 35. f5 h2 36. e6 f6 37. Rh1 Kg7 38. Bxa7 Qe5 39. Bd3 Rxd2+ 40. Kxd2 g3 41. Bf1 Qe4 0-1

[Event "CAN-op"]
[Site "Edmonton CAN"]
[Date "2000.07.08"]
[Round "1"]
[White "Tyomkin, Dimitri"]
[Black "Chiba, James"]
[Result "1-0"]
[WhiteElo "2512"]
[BlackElo "1750"]
[PlyCount "41"]
[GameId "2160767911677962"]
[EventDate "2000.07.08"]
[EventType "swiss"]
[EventRounds "10"]
[EventCountry "CAN"]

1. d4 f5 2. g3 Nf6 3. Bg2 g6 4. c3 Bg7 5. Qb3 c6 6. Nh3 Na6 7. Nf4 g5 8. Nd3 h6 9. h4 Nh7 10. hxg5 hxg5 11. Rxh7 Rxh7 12. Qg8+ Bf8 13. Qg6+ Rf7 14. Ne5 Qa5 15. Qxf7+ Kd8 16. Qxf8+ Kc7 17. Bxg5 Nb4 18. Bxe7 Nc2+ 19. Kd2 Nxa1 20. Qd8+ Kb8 21. Nxd7# 1-0

[Event "CAN-op"]
[Site "Edmonton CAN"]
[Date "2000.07.08"]
[Round "1"]
[White "Vigier, Gerry"]
[Black "Tuason, Alfred"]
[Result "1-0"]
[WhiteElo "2043"]
[BlackElo "1558"]
[PlyCount "67"]
[GameId "2160767911677963"]
[EventDate "2000.07.08"]
[EventType "swiss"]
[EventRounds "10"]
[EventCountry "CAN"]

1. c4 g6 2. d4 Nf6 3. Nc3 Bg7 4. e4 d6 5. f3 O-O 6. Be3 c5 7. dxc5 dxc5 8. Qxd8 Rxd8 9. Bxc5 Nc6 10. Rd1 Rxd1+ 11. Kxd1 b6 12. Be3 Bb7 13. Nge2 Nb4 14. Nf4 e6 15. Be2 Rd8+ 16. Kc1 Bh6 17. Rd1 Rxd1+ 18. Kxd1 Nh5 19. g3 Nxf4 20. Bxf4 Bxf4 21. gxf4 Nc6 22. Kd2 Nd4 23. Bd1 f6 24. Ke3 e5 25. fxe5 fxe5 26. f4 Nc6 27. fxe5 Nxe5 28. Kd4 Nc6+ 29. Kd5 Kg7 30. Kd6 Nb4 31. e5 Nd3 32. Nd5 Bxd5 33. cxd5 g5 34. e6 1-0

[Event "CAN-op"]
[Site "Edmonton CAN"]
[Date "2000.07.08"]
[Round "1"]
[White "Ward, Hilton"]
[Black "Nguyen, Kim"]
[Result "0-1"]
[WhiteElo "1369"]
[BlackElo "2043"]
[PlyCount "52"]
[GameId "2160767911677964"]
[EventDate "2000.07.08"]
[EventType "swiss"]
[EventRounds "10"]
[EventCountry "CAN"]

1. e4 c5 2. Nf3 d6 3. d4 cxd4 4. Nxd4 Nf6 5. Nc3 a6 6. Bc4 b5 7. Bd3 Bb7 8. a3 e6 9. O-O Be7 10. h3 O-O 11. Be3 Nbd7 12. Qd2 Nc5 13. f3 Qc7 14. g4 Rfd8 15. Qg2 d5 16. b4 Nxd3 17. Nxd5 exd5 18. cxd3 dxe4 19. fxe4 Qc3 20. Nf5 Bf8 21. Nh6+ gxh6 22. Bxh6 Bxh6 23. g5 Kh8 24. Rxf6 Qxf6 25. gxf6 Rg8 26. Qxg8+ Rxg8+ 0-1

[Event "CAN-op"]
[Site "Edmonton CAN"]
[Date "2000.07.08"]
[Round "1"]
[White "Weis, Rod"]
[Black "Langlois, Paul"]
[Result "1-0"]
[WhiteElo "1858"]
[BlackElo "1537"]
[PlyCount "81"]
[GameId "2160767911677965"]
[EventDate "2000.07.08"]
[EventType "swiss"]
[EventRounds "10"]
[EventCountry "CAN"]

1. d4 d5 2. c4 e6 3. Nc3 a6 4. cxd5 exd5 5. Bf4 c6 6. Nf3 f6 7. e3 g5 8. Bg3 h5 9. Bd3 g4 10. Nh4 Ne7 11. Qc2 Qd7 12. Na4 Qd8 13. O-O Qa5 14. b4 Qd8 15. Rab1 Bg7 16. Ng6 Rg8 17. Nxe7 Kxe7 18. Qc5+ Ke6 19. e4 Bf8 20. exd5+ Qxd5 21. Rfe1+ Kf7 22. Qxd5+ cxd5 23. Nb6 Nc6 24. Nxa8 Bxb4 25. Red1 b5 26. Nc7 Rd8 27. Bc2 Bc3 28. Bb3 Nxd4 29. Bxd5+ Kg6 30. Rd3 Bf5 31. Rxd4 Bxd4 32. Rd1 Be4 33. Bxe4+ f5 34. Bd5 Bb6 35. Bf7+ Kxf7 36. Rxd8 Ke7 37. Bh4+ Kf7 38. Rd7+ Kg8 39. Nd5 Ba5 40. Nf6+ Kf8 41. Bg5 1-0

[Event "CAN-op"]
[Site "Edmonton CAN"]
[Date "2000.07.08"]
[Round "1"]
[White "Yamach, Ahmet"]
[Black "Rowson, Jonathan"]
[Result "0-1"]
[WhiteElo "1771"]
[BlackElo "2494"]
[PlyCount "74"]
[GameId "2160767911677968"]
[EventDate "2000.07.08"]
[EventType "swiss"]
[EventRounds "10"]
[EventCountry "CAN"]

1. d4 Nf6 2. c4 g6 3. Nc3 d5 4. e3 Bg7 5. Nf3 O-O 6. Be2 c5 7. O-O cxd4 8. Nxd4 dxc4 9. Bxc4 Ng4 10. h3 Ne5 11. Be2 Nbc6 12. Nxc6 Nxc6 13. Bf3 Ne5 14. Be2 Be6 15. Qc2 Rc8 16. Rd1 Qb6 17. Bd2 Nc4 18. Bxc4 Rxc4 19. Be1 Rfc8 20. Qe2 Qc6 21. Qd3 Rc5 22. f3 Be5 23. e4 Bb8 24. Nd5 Bxd5 25. exd5 Qf6 26. Rab1 Qf4 27. g3 Qf6 28. f4 Rc4 29. Bc3 Rxc3 30. bxc3 Rxc3 31. Qd4 Rxg3+ 32. Kf2 Qh4 33. Ke2 Qxh3 34. Kd2 Qh2+ 35. Kc1 Bxf4+ 36. Rd2 Bxd2+ 37. Qxd2 Rg1+ 0-1

[Event "CAN-op"]
[Site "Edmonton CAN"]
[Date "2000.07.09"]
[Round "2"]
[White "Alipour, Iraj"]
[Black "Bubar, Rob"]
[Result "1-0"]
[WhiteElo "1579"]
[BlackElo "1666"]
[PlyCount "71"]
[GameId "2160767911677969"]
[EventDate "2000.07.08"]
[EventType "swiss"]
[EventRounds "10"]
[EventCountry "CAN"]

1. g3 d5 2. Bg2 Nf6 3. b3 e6 4. Bb2 Be7 5. e3 Nbd7 6. Ne2 O-O 7. Nbc3 c6 8. h4 e5 9. f4 Bd6 10. d3 Ng4 11. Qd2 f5 12. O-O-O Ndf6 13. Rdf1 Qb6 14. Nd1 a5 15. a4 Qc7 16. Bh3 b5 17. axb5 cxb5 18. Bxg4 Nxg4 19. Nf2 b4 20. Nxg4 fxg4 21. e4 dxe4 22. dxe4 Bb7 23. Qd3 a4 24. Rd1 Rfd8 25. bxa4 Kh8 26. Rhe1 Rxa4 27. Qb3 Ra5 28. fxe5 Bxe5 29. Rxd8+ Qxd8 30. Bxe5 Rxe5 31. Qxb4 Qc8 32. Nc3 h6 33. Rf1 Kh7 34. Rf4 Qa8 35. Rxg4 Bc8 36. Rf4 1-0

[Event "CAN-op"]
[Site "Edmonton CAN"]
[Date "2000.07.09"]
[Round "2"]
[White "Allan, Phillip"]
[Black "Dewindt, Cor"]
[Result "1-0"]
[WhiteElo "2037"]
[BlackElo "1573"]
[PlyCount "72"]
[GameId "2160767911677970"]
[EventDate "2000.07.08"]
[EventType "swiss"]
[EventRounds "10"]
[EventCountry "CAN"]

1. e4 c6 2. d4 d5 3. Nc3 dxe4 4. Nxe4 Bf5 5. Ng3 Bg6 6. Bc4 e6 7. N1e2 Nf6 8. O-O Nbd7 9. Re1 Nb6 10. Bb3 Be7 11. Nf4 Nbd5 12. Nd3 O-O 13. Ne5 Bd6 14. Bg5 Qc7 15. c4 Ne7 16. Qe2 Nf5 17. Nxf5 Bxf5 18. Bc2 Bxc2 19. Qxc2 Bxe5 20. dxe5 Nd7 21. Be7 Rfe8 22. Bd6 Qa5 23. b4 Qd8 24. Rad1 Qg5 25. Re3 Qf5 26. Qe2 h6 27. h3 Nb6 28. Rf3 Qg6 29. Bc7 Re7 30. Bd6 Ree8 31. Rd4 Rad8 32. Rg4 Qb1+ 33. Kh2 Nd7 34. Rfg3 g5 35. Rxg5+ hxg5 36. Rxg5+ Kh8 1-0

[Event "CAN-op"]
[Site "Edmonton CAN"]
[Date "2000.07.09"]
[Round "2"]
[White "Anderson, Ashton"]
[Black "Bestvater, Eric"]
[Result "1/2-1/2"]
[WhiteElo "1764"]
[BlackElo "1699"]
[PlyCount "105"]
[GameId "2160767911677971"]
[EventDate "2000.07.08"]
[EventType "swiss"]
[EventRounds "10"]
[EventCountry "CAN"]

1. e4 e5 2. Nf3 Nc6 3. Bc4 Bc5 4. O-O Nf6 5. Re1 O-O 6. c3 Bb6 7. d3 d6 8. Bg5 h6 9. Bh4 Be6 10. Nbd2 Ne7 11. Bxf6 gxf6 12. Bxe6 fxe6 13. Nc4 c6 14. Nxb6 Qxb6 15. Qd2 Kh7 16. d4 Rg8 17. dxe5 dxe5 18. Qd7 Rae8 19. Qxe6 Rgf8 20. Qb3 Qxb3 21. axb3 Nc8 22. Red1 Re7 23. Rd2 b6 24. Rad1 Rff7 25. Rd8 Rc7 26. Kf1 b5 27. Nh4 Nb6 28. Re8 Rfd7 29. Rxd7+ Rxd7 30. Ke2 Rg7 31. Re6 Rg4 32. g3 Rxe4+ 33. Kd3 Re1 34. Rxf6 Rd1+ 35. Kc2 Rf1 36. h3 c5 37. Rf5 a5 38. Rxe5 Rxf2+ 39. Kb1 a4 40. b4 Nc4 41. Rxc5 Nd2+ 42. Ka2 Nb3 43. Rf5 Rc2 44. Rf1 Nd2 45. Rf2 a3 46. Rxd2 Rxd2 47. Kxa3 Rd3 48. Nf5 Kg6 49. Nd4 Rxg3 50. Nxb5 Rxh3 51. Nd6 h5 52. Ne4 Kf5 53. Nd2 1/2-1/2

[Event "CAN-op"]
[Site "Edmonton CAN"]
[Date "2000.07.09"]
[Round "2"]
[White "Birgani, Farokh"]
[Black "Hughey, Micah"]
[Result "0-1"]
[WhiteElo "1685"]
[BlackElo "2082"]
[PlyCount "48"]
[GameId "2160767911677972"]
[EventDate "2000.07.08"]
[EventType "swiss"]
[EventRounds "10"]
[EventCountry "CAN"]

1. d4 d5 2. e3 Nf6 3. c4 e6 4. a3 c5 5. cxd5 exd5 6. Nc3 Nc6 7. Bb5 Be7 8. Nge2 O-O 9. O-O a6 10. Ba4 Bf5 11. Bc2 Bxc2 12. Qxc2 cxd4 13. exd4 Rc8 14. Qb3 Na5 15. Qa2 Nc4 16. Nf4 Bd6 17. b3 Nxa3 18. Ncxd5 Nxd5 19. Nxd5 Nc2 20. Rb1 Bxh2+ 21. Kxh2 Qxd5 22. Be3 Rc6 23. Rh1 Rg6 24. g3 Nxe3 0-1